| 000 | 00621nam a2200217Ii 4500 | ||
|---|---|---|---|
| 003 | JO-AjNU | ||
| 008 | 230606s9999||||xx |||||||||||||| ||und|| | ||
| 020 | _a978-0-13-246540-3 | ||
| 040 |
_aJO-AjNU _beng _erda _cJO-AjNU |
||
| 041 | _aeng | ||
| 050 | 1 | 4 | _aQA76.73.C153.D45.2008 |
| 100 | 3 |
_aDeitel,paul/Detiel,Harvey, _eauthor _9517 |
|
| 245 | 0 | 0 | _ac++ how to program |
| 250 | _a7 ed | ||
| 264 | 3 | 1 | _aPearson Education International :new york,2008 |
| 300 | _a1104p | ||
| 336 |
_atext _btxt _2rdacontent |
||
| 337 |
_aunmediated _bn _2rdamedia |
||
| 338 |
_avolume _bnc _2rdacarrier |
||
| 650 | 4 |
_ac++ how to program _9518 |
|
| 999 |
_aE275 _c275 _d275 |
||